Noise and fumes

Bibliographic Details
Format: Book

MARC

LEADER 00000cam a2200000 7i4500
001 0000007690
002 000008260
005 20000330.0
020 |a 0749604816 
090 0 0 |a J 363.7   |b BAI 
245 1 0 |a Noise and fumes 
300 |a 30 p. ;   |c 23 cm. 
999 |a 026892   |b BUKU   |c PINJAMAN   |e PERPUSTAKAAN KOMUNITI PETALING JAYA